00404pab a2200121 454500008003600000100001300036245009300049362002800142650002300170650002300193700002300216773004300239180718b xxu||||| |||| 00| 0 eng d aDas Hari aRoles Indian managers play: an investigation into the nature of managerial work in India a29(2), Oct 93, p.133-56 a Managers -- India aExecutives - India aManimala Mathew J. aIndian Journal of Industrial Relations